| 000 | 00889nam a2200265Ia 4500 | ||
|---|---|---|---|
| 003 | OSt | ||
| 005 | 20221005092547.0 | ||
| 006 | a|||||r|||| 00| 0 | ||
| 007 | ta | ||
| 008 | 221004b |||||||| |||| 00| 0 eng d | ||
| 020 |
_a9780415634007 (hbk) _c7632.80 |
||
| 024 | _a21526 | ||
| 037 |
_b12063, 10/03/2015, Elite Publishers Distributors _cTextual |
||
| 040 |
_aCRL _cCRL _beng |
||
| 041 |
_2eng _aeng |
||
| 082 | _aP:(R), Q3 | ||
| 100 |
_aSullivan Arthur _9617484 |
||
| 245 | 0 |
_aReference and structure in the philosophy of language _b A defense of the Russellian orthodoxy |
|
| 260 |
_aNew York _bRoutledge USA _c2013 |
||
| 300 |
_axv,163p. _ccm. |
||
| 490 | _aRotledge studies in contemporary philosophy | ||
| 650 | _aLINGUISTICS | ||
| 942 |
_hP:(R), Q3 _cTEXL _2cc |
||
| 999 |
_c999016 _d999016 |
||